000 00785nam a22002057a 4500
999 _c63205
_d63205
003 Ge_BSU
005 20250626161002.0
008 250626s2025 enk||||| |||| 00| 0 eng d
020 _a9781509973996x
041 _aeng
080 _a347.962 J-89
245 _aJudicial Bricolage :
_bThe Use of Foreign Precedents by Constitutional Judges in the 21st Century /
_cEdited by Tania Groppi, Marie-Claire Ponthoreau, Irene Spigno.
264 _aOxford :
_bHart Publishing,
_c2025.
300 _a734 p.;
_b24 cm.
653 _aსამართლი
700 _aGroppi,Tania
_eრედაქტორი
_925545
700 _aPonthoreau, Marie-Claire
_eრედაქტორი
_925546
700 _aSpigno, Irene
_eრედაქტორი
_925547
942 _2udc
_cᲬᲘᲒᲜᲘ